[Event "Warsaw Szansa rapid op"]
[Site "Warsaw"]
[Date "2023.09.17"]
[Round "1"]
[White "Giemza, Julia"]
[Black "Pacan Milej, Kosma"]
[Result "0-1"]
[WhiteElo "1579"]
[BlackElo "2412"]
[PlyCount "140"]
[EventDate "2023.09.17"]
[EventType "swiss (rapid)"]
[EventRounds "9"]
[EventCountry "POL"]
[SourceTitle "EXT 2024"]
[Source "ChessBase"]
[SourceDate "2023.10.10"]
[SourceVersion "1"]
[SourceVersionDate "2023.10.10"]
[SourceQuality "1"]

1. e4 c6 2. d4 d5 3. exd5 cxd5 4. Bd3 Nc6 5. c3 Qc7 6. Nf3 Bg4 7. 0-0 e6 8. Re1 Nf6 9. h3 Bh5 10. Bg5 Be7 11. Nbd2 0-0 12. Qc2 Bg6 13. Bh4 Nb4 14. cxb4 Qxc2 15. Bxc2 Bxc2 16. Rac1 Rac8 17. a3 h6 18. Ne5 Rfd8 19. f3 Kf8 20. Nf1 Ba4 21. Nd3 Bb5 22. Ne5 g5 23. Bf2 Nh5 24. g3 Kg7 25. Kg2 Bd6 26. Ng4 b6 27. Nge3 f6 28. b3 Bd7 29. Red1 Kg6 30. Ng4 Ng7 31. Nd2 a5 32. bxa5 bxa5 33. a4 Ba3 34. Ra1 Bb4 35. Nf1 Nf5 36. Rac1 Ba3 37. Rb1 Rc3 38. Be1 Rc2+ 39. Kg1 Ra8 40. Nfe3 Nxe3 41. Nxe3 Re2 42. Bd2 Bd6 43. Nf1 e5 44. dxe5 fxe5 45. Re1 Bc5+ 46. Kh1 Rxe1 47. Rxe1 Bd6 48. Kg2 d4 49. Rc1 Kf7 50. Be1 Be6 51. Rc6 Ke7 52. Rb6 Bd5 53. Nd2 Rc8 54. Ne4 Rc2+ 55. Kg1 Bxe4 56. fxe4 d3 57. Rb7+ Ke6 58. Bxa5 d2 59. Bxd2 Rxd2 60. b4 Rd4 61. a5 Rxb4 62. Rh7 Bf8 63. a6 Ra4 64. a7 Rxa7 65. Rxa7 Bc5+ 66. Kf1 Bxa7 67. Ke2 Kd6 68. Kd3 Kc5 69. Kc3 Bb6 70. Kd3 Ba5 0-1

[Event "POL-ch Blitz U18 Girls"]
[Site "Bydgoszcz"]
[Date "2023.08.31"]
[Round "1"]
[White "Ekner, Maria"]
[Black "Giemza, Julia"]
[Result "0-1"]
[WhiteElo "1243"]
[BlackElo "1579"]
[PlyCount "69"]
[EventDate "2023.08.28"]
[EventType "swiss"]
[EventRounds "9"]
[EventCountry "POL"]
[SourceTitle "EXT 2024"]
[Source "ChessBase"]
[SourceDate "2023.10.10"]
[SourceVersion "1"]
[SourceVersionDate "2023.10.10"]
[SourceQuality "1"]

1. d4 Nf6 2. c4 e6 3. Nc3 Bb4 4. Nf3 0-0 5. e3 d5 6. a3 Bxc3+ 7. bxc3 b6 8. cxd5 Nxd5 9. c4 Nf6 10. Be2 Bb7 11. 0-0 Nbd7 12. Bb2 Qe7 13. Qc2 c5 14. Rfd1 Rac8 15. Rac1 Rc7 16. Qa4 Rfc8 17. h3 Bc6 18. Qb3 Ba8 19. a4 h6 20. Kf1 Bc6 21. Ba3 Ne4 22. Bd3 Ba8 23. Bxe4 Bxe4 24. Nd2 Bb7 25. e4 Qg5 26. d5 exd5 27. exd5 Nf6 28. Nf3 Qf5 29. Bb2 Rd7 30. Re1 Rcd8 31. Rcd1 Rd6 32. Qe3 Qc2 33. Bxf6 Qxc4+ 34. Kg1 Rxf6 35. Qe7 0-1

[Event "POL-ch Blitz U18 Girls"]
[Site "Bydgoszcz"]
[Date "2023.08.31"]
[Round "8"]
[White "Giemza, Julia"]
[Black "Szczotka, Klara"]
[Result "0-1"]
[WhiteElo "1579"]
[BlackElo "1918"]
[PlyCount "162"]
[EventDate "2023.08.28"]
[EventType "swiss"]
[EventRounds "9"]
[EventCountry "POL"]
[SourceTitle "EXT 2024"]
[Source "ChessBase"]
[SourceDate "2023.10.10"]
[SourceVersion "1"]
[SourceVersionDate "2023.10.10"]
[SourceQuality "1"]

1. e4 c5 2. Nf3 Nc6 3. d4 cxd4 4. Nxd4 Nf6 5. Nc3 e5 6. Ndb5 d6 7. Bg5 a6 8. Na3 b5 9. Nd5 Be7 10. Bxf6 Bxf6 11. c3 Bg5 12. Be2 Rb8 13. Nc2 0-0 14. 0-0 Be6 15. Qd3 f5 16. exf5 Bxf5 17. Qd1 Ne7 18. Nce3 Be6 19. Bf3 Nf5 20. Nxf5 Bxf5 21. Re1 Kh8 22. Qe2 Qe8 23. Rad1 Rd8 24. Be4 Qg6 25. Qd3 Bxe4 26. Qxe4 Qh6 27. Rd3 Qe6 28. Rh3 h6 29. Rg3 Qf5 30. Qe2 Rde8 31. Rf3 Qg6 32. Rg3 Qf7 33. Ne3 Bf4 34. Rh3 Qxa2 35. b4 Qxe2 36. Rxe2 Bxe3 37. Rhxe3 Rc8 38. Rd2 Rc6 39. Kf1 Rfc8 40. Rdd3 Kg8 41. Ke2 Kf7 42. Kd2 Ke6 43. Kc2 d5 44. Rg3 g5 45. h4 Rg8 46. hxg5 Rxg5 47. Rxg5 hxg5 48. Rg3 Kf5 49. Kb3 Rc4 50. Rd3 d4 51. cxd4 exd4 52. Rh3 Rc6 53. Rd3 Ke4 54. Rg3 d3 55. Rg4+ Kf5 56. Rd4 Rc2 57. Rxd3 Rxf2 58. Rd6 Rxg2 59. Rxa6 Rg3+ 60. Kc2 Re3 61. Rb6 Re5 62. Rc6 Ke4 63. Rc3 Kd4 64. Rg3 Ke4 65. Kc3 Kf4 66. Rg1 g4 67. Kd4 Rf5 68. Rf1+ Kg5 69. Rg1 Kh4 70. Ke4 Kg5 71. Kd4 Rf3 72. Kc5 Rf5+ 73. Kd4 Kh4 74. Ke4 Rf2 75. Kd5 g3 76. Kc5 Rf5+ 77. Kd4 Kh3 78. Ke3 Kh2 79. Rc1 g2 80. Rc2 Kh1 81. Rc1+ g1Q+ 0-1

[Event "POL-ch U16 Girls"]
[Site "Jastrzebia Gora"]
[Date "2023.??.??"]
[Round "7"]
[White "Bauer, Maja"]
[Black "Giemza, Julia"]
[Result "0-1"]
[WhiteElo "1383"]
[BlackElo "1536"]
[PlyCount "148"]
[EventDate "2023.03.11"]
[EventType "swiss"]
[EventRounds "9"]
[EventCountry "POL"]
[SourceTitle "CBM 213 Extra"]
[Source "ChessBase"]
[SourceDate "2023.05.31"]
[SourceVersion "1"]
[SourceVersionDate "2023.05.31"]
[SourceQuality "1"]

1. e4 c5 2. Nf3 e6 3. d4 cxd4 4. Nxd4 Nc6 5. Nc3 Qc7 6. Be2 a6 7. 0-0 Nf6 8. Nb3 b5 9. a3 Bb7 10. f4 d6 11. Bf3 Be7 12. Qe1 0-0 13. Qg3 Rfd8 14. Be3 Rac8 15. Rad1 Bf8 16. Rd2 Ne7 17. Bd4 Ne8 18. Qf2 Rd7 19. Bb6 Qb8 20. Be3 Nf6 21. e5 Nfd5 22. Bxd5 Nxd5 23. Nxd5 Bxd5 24. exd6 Bxd6 25. Qg3 Kh8 26. Qg4 Qb7 27. Rfd1 b4 28. a4 Rdc7 29. Nd4 Bc5 30. Qe2 Be4 31. Nb3 Be7 32. Na1 h6 33. a5 f5 34. Bb6 Bc5+ 35. Bxc5 Rxc5 36. Rd7 R8c7 37. Rxc7 Qxc7 38. Qxa6 Rxa5 39. Qxe6 Qxf4 40. Qg6 Rd5 41. Rxd5 Bxd5 42. Qe8+ Kh7 43. Qe1 Qd4+ 44. Qf2 Qd1+ 45. Qf1 Qg4 46. h3 Qe4 47. Qf2 g5 48. Nb3 Bxb3 49. cxb3 f4 50. g4 Kg7 51. Qa7+ Kf6 52. Qb6+ Ke5 53. Qc5+ Ke6 54. Qb6+ Kd5 55. Qb5+ Kd6 56. Qb6+ Qc6 57. Qd4+ Qd5 58. Qf6+ Kc5 59. Qe7+ Kb5 60. Qe8+ Qc6 61. Qe2+ Kb6 62. Qd2 Qc5+ 63. Kh2 Kc6 64. Qg2+ Kd6 65. Qd2+ Ke5 66. Qe2+ Qe3 67. Qb5+ Ke4 68. Qc6+ Kd3 69. Qc4+ Kd2 70. Qxb4+ Ke2 71. Qc4+ Kf2 72. Qc2+ Qe2 73. Qc5+ Kf3+ 74. Kg1 Qg2# 0-1

[Event "POL-ch U16 Girls"]
[Site "Jastrzebia Gora"]
[Date "2023.??.??"]
[Round "2"]
[White "Giemza, Julia"]
[Black "Bar, Klaudia"]
[Result "0-1"]
[WhiteElo "1536"]
[BlackElo "1731"]
[PlyCount "94"]
[EventDate "2023.03.11"]
[EventType "swiss"]
[EventRounds "9"]
[EventCountry "POL"]
[SourceTitle "CBM 213 Extra"]
[Source "ChessBase"]
[SourceDate "2023.05.31"]
[SourceVersion "1"]
[SourceVersionDate "2023.05.31"]
[SourceQuality "1"]

1. e4 c5 2. Nf3 Nc6 3. Bb5 e5 4. Nc3 a6 5. Bxc6 dxc6 6. h3 Bd6 7. d3 Ne7 8. Be3 Ng6 9. Qd2 0-0 10. 0-0-0 b5 11. Ne2 b4 12. Kb1 a5 13. g3 a4 14. c4 bxc3 15. Qxc3 Qb6 16. Nd2 Be7 17. f4 Rd8 18. Nc4 Qb5 19. f5 Nf8 20. Qxe5 Rd7 21. g4 Rb8 22. Qc3 Ba6 23. Bf4 Rbd8 24. g5 Qb4 25. Ne5 Qxc3 26. Nxc3 Bxd3+ 27. Kc1 Rd6 28. Nxd3 Rxd3 29. Nxa4 Rf3 30. Rxd8 Bxd8 31. Bd2 Nd7 32. h4 c4 33. Kd1 Ne5 34. Ke2 Rd3 35. Rd1 Be7 36. Nb6 Rd4 37. Bf4 Rxe4+ 38. Be3 h6 39. gxh6 Bc5 40. Nxc4 Nxc4 41. Kd3 Rxh4 42. Rg1 Bxe3 43. Rxg7+ Kf8 44. b3 Bxh6 45. Rg2 Ne5+ 46. Ke2 Re4+ 47. Kd1 Ke7 0-1

[Event "POL-ch U16 Girls"]
[Site "Jastrzebia Gora"]
[Date "2023.??.??"]
[Round "3"]
[White "Kaczmarek, Paulina"]
[Black "Giemza, Julia"]
[Result "0-1"]
[WhiteElo "1317"]
[BlackElo "1536"]
[PlyCount "140"]
[EventDate "2023.03.11"]
[EventType "swiss"]
[EventRounds "9"]
[EventCountry "POL"]
[SourceTitle "CBM 213 Extra"]
[Source "ChessBase"]
[SourceDate "2023.05.31"]
[SourceVersion "1"]
[SourceVersionDate "2023.05.31"]
[SourceQuality "1"]

1. e4 c5 2. Nf3 e6 3. d4 cxd4 4. Nxd4 Nc6 5. Nb5 d6 6. N1c3 a6 7. Nd4 Qc7 8. Be3 Nf6 9. f3 b5 10. Qd2 Bb7 11. g4 Rc8 12. Nxc6 Bxc6 13. 0-0-0 Be7 14. h4 0-0 15. h5 Rfd8 16. g5 Ne8 17. g6 fxg6 18. hxg6 h6 19. Bd3 Bf6 20. f4 Qb7 21. Rhf1 b4 22. Ne2 Bxe4 23. Bxe4 Qxe4 24. Qd3 Qxd3 25. Rxd3 Rc6 26. Nd4 Bxd4 27. Rxd4 a5 28. f5 e5 29. Rd5 Ra8 30. Rb5 Kf8 31. f6 Nxf6 32. Rb7 d5 33. Bxh6 gxh6 34. Rf7+ Kg8 35. R1xf6 Rxf6 36. Rxf6 Kg7 37. Re6 e4 38. Kd2 Rf8 39. Re5 Rd8 40. Re6 Rf8 41. Re5 Kxg6 42. Rxd5 Rf5 43. Rd6+ Kg5 44. Ke3 Re5 45. c3 bxc3 46. bxc3 h5 47. Rd1 Kg4 48. Rg1+ Kh3 49. Rh1+ Kg2 50. Rh4 Kg3 51. Rh1 h4 52. Kd4 Re8 53. Ke3 h3 54. Rg1+ Kh2 55. Rg5 Kh1 56. Rh5 h2 57. c4 Rg8 58. Kxe4 Kg2 59. c5 h1Q 60. Rxh1 Kxh1 61. Kd5 Kg2 62. a4 Kf3 63. c6 Ke3 64. c7 Rc8 65. Kd6 Kd4 66. Kd7 Rxc7+ 67. Kxc7 Kc5 68. Kd7 Kb4 69. Kd6 Kxa4 70. Kc5 Kb3 0-1

[Event "POL-ch U16 Girls"]
[Site "Sypniewo"]
[Date "2022.03.23"]
[Round "5"]
[White "Niedorys, Karolina"]
[Black "Giemza, Julia"]
[Result "0-1"]
[WhiteElo "1583"]
[BlackElo "1512"]
[PlyCount "58"]
[EventDate "2022.03.19"]
[EventType "swiss"]
[EventRounds "9"]
[EventCountry "POL"]
[SourceTitle "CBM 207 Extra"]
[Source "ChessBase"]
[SourceDate "2022.05.31"]
[SourceVersion "1"]
[SourceVersionDate "2022.05.31"]
[SourceQuality "1"]

1. e4 c5 2. Nf3 e6 3. d4 cxd4 4. Nxd4 a6 5. Nc3 Qc7 6. Be3 Nf6 7. f3 Bb4 8. Qd2 d5 9. exd5 Nxd5 10. Nde2 Nxe3 11. Qxe3 0-0 12. 0-0-0 Nd7 13. a3 Be7 14. Kb1 b5 15. Ne4 Bb7 16. N2c3 Rac8 17. Bd3 Nc5 18. Nxc5 Bxc5 19. Qg5 Bxa3 20. Ne4 Be7 21. Qh5 h6 22. h4 Rfd8 23. Ng5 Bxg5 24. hxg5 Rxd3 25. cxd3 Qc2+ 26. Ka1 Qa4+ 27. Kb1 Bd5 28. b3 Qxb3+ 29. Ka1 Qa2# 0-1

[Event "POL-ch U16 Girls"]
[Site "Sypniewo"]
[Date "2022.03.22"]
[Round "4"]
[White "Giemza, Julia"]
[Black "Grzesik, Nikola"]
[Result "1/2-1/2"]
[WhiteElo "1512"]
[BlackElo "1374"]
[PlyCount "89"]
[EventDate "2022.03.19"]
[EventType "swiss"]
[EventRounds "9"]
[EventCountry "POL"]
[SourceTitle "CBM 207 Extra"]
[Source "ChessBase"]
[SourceDate "2022.05.31"]
[SourceVersion "1"]
[SourceVersionDate "2022.05.31"]
[SourceQuality "1"]

1. e4 c5 2. Nf3 Nc6 3. Bb5 d6 4. Bxc6+ bxc6 5. 0-0 Nf6 6. Re1 e5 7. h3 g6 8. c3 Bg7 9. d4 cxd4 10. cxd4 Qc7 11. Nc3 0-0 12. dxe5 dxe5 13. Be3 Be6 14. Qa4 Nd7 15. Rac1 Qb7 16. Qc2 Nb6 17. b3 Rac8 18. Bc5 Rfd8 19. Red1 f6 20. Ne1 Bh6 21. Rb1 Qg7 22. a4 Rxd1 23. Rxd1 Qf7 24. Rb1 Bf8 25. Nd3 Bxc5 26. Nxc5 Nd7 27. Nxe6 Qxe6 28. b4 Qc4 29. Qb3 Qxb3 30. Rxb3 Rb8 31. Rb1 Kf7 32. Kf1 Ke6 33. Ke2 a6 34. Kd3 Kd6 35. a5 Ke6 36. Kc4 Kd6 37. Na4 Kc7 38. Rd1 Rb5 39. Rd2 f5 40. f3 f4 41. Rc2 g5 42. Nc3 Rb8 43. Na4 Rb5 44. Nb2 h5 45. Nd3 1/2-1/2

[Event "POL-ch U14 Girls"]
[Site "Uniejow"]
[Date "2021.07.22"]
[Round "6"]
[White "Kulczycka, Zofia"]
[Black "Giemza, Julia"]
[Result "1/2-1/2"]
[WhiteElo "1470"]
[BlackElo "1375"]
[PlyCount "62"]
[EventDate "2021.07.18"]
[EventType "swiss"]
[EventRounds "9"]
[EventCountry "POL"]
[SourceTitle "EXT 2022"]
[Source "ChessBase"]
[SourceDate "2021.10.06"]
[SourceVersion "1"]
[SourceVersionDate "2021.10.06"]
[SourceQuality "1"]

1. e4 c5 2. Nf3 e6 3. d4 cxd4 4. Nxd4 Nc6 5. Nc3 Qc7 6. Be3 a6 7. Qd2 b5 8. f3 Bb7 9. g4 Rc8 10. Bd3 Bb4 11. a3 Ba5 12. Nb3 Ne5 13. Be2 Bxc3 14. Qxc3 Qxc3+ 15. bxc3 d6 16. Bd4 Ne7 17. Na5 Ba8 18. a4 0-0 19. axb5 axb5 20. Kd2 Nc4+ 21. Bxc4 bxc4 22. Rhb1 Nc6 23. Nxc6 Bxc6 24. Rb4 d5 25. e5 Ra8 26. Rab1 Rfc8 27. Bc5 Rd8 28. f4 g6 29. Bd6 Rdc8 30. Rb6 Kg7 31. h4 Ra2 1/2-1/2